000 00971nam a2200181Ia 4500
008 100920s9999 xx 000 0 und d
082 _b63815
_a61 थ 58
100 _a---
245 _aदुसरी पंचवार्षिक योजना (1956-57 ते 1960-61) उत्तर सातारा जिल्हा.
260 _bमुंबई सरकारच्या प्रसिध्दी खात्याकडून प्रकाशित.
_c1958
300 _a105
_bसाधी
365 _b0.25
520 _aस्थानिक वाचन.
630 _aदुसरी पंचवार्षिक योजना (1956-57 ते 1960-61) उत्तर सातारा जिल्हा.
650 _aस्थानिक वाचन.
730 _aदुसरी पंचवार्षिक योजना (1956-57 ते 1960-61) उत्तर सातारा जिल्हा.
942 _cBOOK
999 _c706894
_d706891